000 00495nam a2200169Ia 4500
008 180921t2017 xxu||||| |||| 00| 0 sin d
041 _asin
080 _a74
_bNAN
100 _aNanayakkara, Udugama Mohan Nandana
245 _aඅනුරාධපුර යුගයේ බිතුසිතුවම්
246 _aAnuradhapura yugaye Bithusithuwam
260 _bGodage
_aColombo
_c2017
300 _b112p, 21cm
942 _cBK
999 _c3750
_d3750
003 LK-CoDNM
040 _aLK-CoDNM
_dLK-CoDNM
_eLK-CoDNM